00713nam a2200205 i 450000100060000000300090000600500170001500700030003200800410003510000380007624500710011426000590018530000200024450500910026465000250035570000310038070000220041170000400043385200340047324619ES-MaACL20250809034604.0t|021218s1949 sp ||||1| spa d1 aAntón Oneca, José,d1897-198110aDerecho penal / cJosé Antón Oneca, J. A. Rodríguez Muñoz. aMadrid : b[s.n., c1949] (fGráfica Administrativa) a2 v. ; c26 cm.8 aContiene: V. II: con la colaboración de J. Taso Roldán y J. M. Rodríguez Devesa.07aDerecho penal2embne1 aRodríguez Muñoz, J. A.1 aTaso Roldán, J.1 aRodríguez Devesa, José María. aES-MaACLjF-8479-80 bR.29315